Отчет ЦКК-НК РКИ XVI съезду ВКП (б): отчет, заключительное слово и резолюция XVI съезда ВКП (б) по отчету

書誌詳細
第一著者: Орджоникидзе Г. К. (С.) Григорий Константинович (Серго)
言語:ロシア語
出版事項: Москва, Государственное изд-во, 1930
主題:
フォーマット: 図書
KOHA link:https://koha.lib.tpu.ru/cgi-bin/koha/opac-detail.pl?biblionumber=356388

MARC

LEADER 00000nam0a2200000 4500
001 356388
005 20231102010905.0
035 |a (RuTPU)RU\TPU\retro\13648 
090 |a 356388 
100 |a 20200720d1930 km y0rusy50 ca 
101 0 |a rus 
102 |a RU 
105 |a y z 000zy 
200 1 |a Отчет ЦКК-НК РКИ XVI съезду ВКП (б)  |e отчет, заключительное слово и резолюция XVI съезда ВКП (б) по отчету  |f Г. К. (С.) Орджоникидзе 
210 |a Москва  |c Государственное изд-во  |d 1930 
215 |a 79 с. 
606 1 |a КПСС-съезды  |x ВКП(б) 16-й  |y Москва  |z 1930  |2 stltpush  |3 (RuTPU)RU\TPU\subj\14878 
610 1 |a история 
610 1 |a индустриализация 
610 1 |a темы 
610 1 |a ускорение 
610 1 |a бюрократизм 
610 1 |a борьба 
610 1 |a единство 
610 1 |a резолюции 
686 |a Ф61(2)271.4  |v LBC/SL-A  |2 rubbk 
700 1 |a Орджоникидзе  |b Г. К. (С.)  |c российский политический и государственный деятель  |f 1886-1937  |g Григорий Константинович (Серго)  |2 stltpush  |3 (RuTPU)RU\TPU\pers\12369  |9 3379 
801 1 |a RU  |b 63413507  |c 20200720 
801 2 |a RU  |b 63413507  |c 20200730  |g RCR 
942 |c BK